000 00815nam a2200241Ia 4500
008 191130s2010##################000#0#eng##
020 _a9780230228481
022 _a2010481241
040 _aACL
_cACL
082 _a320 HAY
245 _aNew directions in political science : responding to the challenges of an interdependent world
_cedited by Colin Hay
260 _aHoundmills, Basingstoke, Hampshire ; New York
_bPalgrave Macmillan
_cc2010
300 _axiii, 318 p. : ill. ; 23 cm
500 _aIncludes bibliographical references and index
650 _aInternational relations
650 _aInternationale Politik
650 _aPolitical science
650 _aPolitische Wissenschaft
700 _aHay, Colin
990 _a80f71c29ac10000c330ebb2cce5f5897
991 _a195033
999 _c21088
_d21088